DISEÑO Y CONSTRUCCION DE ESTRUCTURAS METALICAS : (Registro nro. 17844)
[ vista simple ]
| 000 -LEADER | |
|---|---|
| fixed length control field | 00474nam a2200157 a 4500 |
| 001 - CONTROL NUMBER | |
| control field | 17844 |
| 005 - DATE AND TIME OF LATEST TRANSACTION | |
| control field | 20180713211033.0 |
| 008 - FIXED-LENGTH DATA ELEMENTS--GENERAL INFORMATION | |
| fixed length control field | 140415s1978 mx 000 0 spa d |
| 041 ## - LANGUAGE CODE | |
| Language code of text/sound track or separate title | spa |
| 082 ## - DEWEY DECIMAL CLASSIFICATION NUMBER | |
| Classification number | 624.1771 |
| Item number | DIS |
| 245 00 - TITLE STATEMENT | |
| Title | DISEÑO Y CONSTRUCCION DE ESTRUCTURAS METALICAS : |
| Remainder of title | NORMAS TECNICAS COMPLEMENTARIAS DEL REGLAMENTO DE CONS... |
| 250 ## - EDITION STATEMENT | |
| Edition statement | 2a ed. |
| 260 ## - PUBLICATION, DISTRIBUTION, ETC. | |
| Place of publication, distribution, etc. | MEXICO : |
| Name of publisher, distributor, etc. | UNAM, |
| Date of publication, distribution, etc. | 1978 |
| 300 ## - PHYSICAL DESCRIPTION | |
| Extent | 206 |
| 650 14 - SUBJECT ADDED ENTRY--TOPICAL TERM | |
| Topical term or geographic name entry element | INGENIERIA DE ESTRUCTURAS |
| Withdrawn status | Lost status | Source of classification or shelving scheme | Damaged status | Not for loan | Collection code | Home library | Current library | Shelving location | Date acquired | Source of acquisition | Inventory number | Total Checkouts | Full call number | Barcode | Date last seen | Date last checked out | Price effective from | Koha item type |
|---|---|---|---|---|---|---|---|---|---|---|---|---|---|---|---|---|---|---|
| Dewey Decimal Classification | General | Biblioteca Karol Wojtyla | Biblioteca Karol Wojtyla | Sala general | 03/12/2013 | Compra | 151000000000000000003884 | 624.1771 DIS | 36156 | 05/01/2026 | 04/06/2018 | 03/12/2013 | Libro |